Six medieval men and women / (Record no. 3466)

MARC details
000 -LEADER
fixed length control field 00773cam a2200277Ma 4500
001 - CONTROL NUMBER
control field ocn853506576
003 - CONTROL NUMBER IDENTIFIER
control field OCoLC
005 - DATE AND TIME OF LATEST TRANSACTION
control field 20170829095151.0
008 - FIXED-LENGTH DATA ELEMENTS--GENERAL INFORMATION
fixed length control field 130527s2013 enk 000 0 eng d
015 ## - NATIONAL BIBLIOGRAPHY NUMBER
National bibliography number GBB361926
Source bnb
016 7# - NATIONAL BIBLIOGRAPHIC AGENCY CONTROL NUMBER
Record control number 016453758
Source Uk
020 ## - INTERNATIONAL STANDARD BOOK NUMBER
International Standard Book Number 9781107685772
Qualifying information (pbk.)
020 ## - INTERNATIONAL STANDARD BOOK NUMBER
International Standard Book Number 110768577X
Qualifying information (pbk.)
035 ## - SYSTEM CONTROL NUMBER
System control number (OCoLC)853506576
040 ## - CATALOGING SOURCE
Original cataloging agency UKMGB
Language of cataloging eng
Transcribing agency UKMGB
Modifying agency OCLCO
-- YDXCP
-- CGU
-- OCLCF
-- OCLCQ
049 ## - LOCAL HOLDINGS (OCLC)
Holding library TZAA
050 14 - LIBRARY OF CONGRESS CALL NUMBER
Classification number D115
Item number .B46 2013
082 04 - DEWEY DECIMAL CLASSIFICATION NUMBER
Classification number 909.4
Edition number 23
100 1# - MAIN ENTRY--PERSONAL NAME
Personal name Bennett, H. S.
Fuller form of name (Henry Stanley),
Dates associated with a name 1889-1972,
Relator term author.
245 10 - TITLE STATEMENT
Title Six medieval men and women /
Statement of responsibility, etc H.S. Bennett.
300 ## - PHYSICAL DESCRIPTION
Extent pages cm
600 ## - SUBJECT ADDED ENTRY--PERSONAL NAME
Source of heading or term on order
650 #0 - SUBJECT ADDED ENTRY--TOPICAL TERM
Topical term or geographic name as entry element Fifteenth century.
650 #7 - SUBJECT ADDED ENTRY--TOPICAL TERM
Topical term or geographic name as entry element Fifteenth century.
Source of heading or term fast
942 ## - ADDED ENTRY ELEMENTS (KOHA)
Source of classification or shelving scheme Library of Congress Classification
Koha item type Books
Holdings
Home library Current library Date acquired Full call number Koha item type
African Court on Human and Peoples' Rights Library African Court on Human and Peoples' Rights Library 29/08/2017 on order Books

African Court on Human and Peoples' Rights | For Inquiries Contact » +255 272 510 510